Sports Quiz

Random Sports or Numbers Quiz

Sports Logos Close-Up Quiz Stats

 Plays Quiz Updated Dec 13, 2018

Score 0/24 Timer 05:00
8 Plays Today
Number Team % Correct
12Boston Celtics
89.8%
2Toronto Blue Jays
86.2%
19Philadelphia Phillies
85.6%
15Phoenix Suns
80.9%
10Seattle Mariners
79.4%
22New York Yankees
78.5%
20Buffalo Bills
74.8%
1Golden State Warriors
70.1%
23Milwaukee Bucks
69.4%
6New Orleans Saints
67.7%
18Detroit Pistons
66.4%
14Denver Nuggets
65.1%
Number Team % Correct
5Oakland Raiders
64%
8Minnesota Wild
62.5%
11Dallas Stars
60.8%
4Chicago Bears
60.7%
3Tampa Bay Lightning
60.3%
9Chicago Blackhawks
59.4%
13Miami Marlins
58.1%
17Calgary Flames
57.8%
21Florida Panthers
57.8%
16Colorado Rockies
46.7%
7Pittsburgh Steelers
44.7%
24Washington Redskins
35%

You're not logged in!

Compare scores with friends on all Sporcle quizzes.
OR
Log In

You Might Also Like...

Show Comments

Extras

Top Quizzes Today


Score Distribution

Your Account Isn't Verified!

In order to create a playlist on Sporcle, you need to verify the email address you used during registration. Go to your Sporcle Settings to finish the process.

Report this User

Report this user for behavior that violates our Community Guidelines.

Details: